Most Populated States by Country - Statistics

General Stats
  • This quiz has been taken 16 times
  • The average score is 26 of 60
Answer Stats
Country Rank State Population % Correct
United States 1 California 38,940,231
100%
United States 4 New York 19,571,216
100%
United States 3 Florida 22,610,726
92%
United States 2 Texas 30,503,301
92%
Spain 3 Community of Madrid 6,848,354
85%
Russia 1 Moscow 13,154,708
85%
Russia 2 Moscow Oblast 8,650,903
85%
United States 5 Pennsylvania 12,961,683
85%
Brazil 3 Rio de Janeiro 16,055,174
85%
Japan 1 Tokyo 14,038,167
85%
Spain 2 Catalonia 7,896,306
77%
Mexico 1 Mexico 17,102,000
77%
Mexico 2 Mexico City 9,305,000
77%
Russia 4 Saint Petersburg 5,598,473
77%
Brazil 1 Sao Paulo 44,411,238
77%
Argentina 4 Autonomous City of Buenos Aires 3,120,612
69%
Argentina 1 Buenos Aires 17,569,053
69%
Spain 1 Andalusia 8,574,691
62%
Canada 2 Quebec 8,501,833
62%
Japan 3 Osaka-Fu 8,782,484
54%
India 1 Uttar Pradesh 241,066,874
54%
Canada 4 Alberta 4,262,635
46%
Germany 2 Bavaria 13,203,592
46%
Canada 3 British Colombia 5,000,879
46%
Spain 5 Galicia 2,699,060
46%
Canada 1 Ontario 14,223,942
46%
Spain 4 Valencian Community 5,216,018
46%
Argentina 2 Cordoba 3,978,984
38%
Canada 5 Manitoba 1,342,153
38%
Brazil 5 Parana 11,623,091
38%
Mexico 3 Jalisco 8,400,000
31%
India 3 Maharashtra 128,256,452
31%
Argentina 5 Mendoza 2,014,533
31%
Brazil 2 Minas Gerais 21,279,353
31%
Argentina 3 Santa Fe 3,556,522
31%
India 4 West Bengal 103,553,153
31%
Germany 3 Baden-Württemberg 11,148,904
23%
Brazil 4 Bahia 14,141,626
23%
China 3 Henan 98,720,000
23%
Germany 4 Lower Saxony 8,045,829
23%
India 5 Madhya Pradesh 87,954,000
23%
Mexico 5 Puebla 6,535,000
23%
China 2 Shandong 101,630,000
23%
China 5 Sichuan 83,740,000
23%
India 2 Bihar 129,205,000
15%
South Africa 4 Eastern Cape 7,230,204
15%
South Africa 1 Gauteng 15,099,422
15%
China 4 Jiangsu 85,150,000
15%
South Africa 2 KwaZulu-Natal 12,423,907
15%
Germany 1 North Rhine-Westphalia 17,944,923
15%
Japan 5 Saitama-Ken 7,337,089
15%
South Africa 3 Western Cape 7,433,019
15%
Japan 4 Aichi-Ken 7,495,171
8%
China 1 Guandong 126,570,000
8%
Germany 5 Hesse 6,313,614
8%
Japan 2 Kanagawa-Ken 9,232,489
8%
South Africa 5 Limpopo 6,572,720
8%
Russia 3 Krasnodar Krai 5,834,098
0%
Russia 5 Sverdlovsk Oblast 4,222,987
0%
Mexico 4 Veracruz 8,105,000
0%
No matching quizzes found
Score Distribution
Percent of People with Each Score
Percentile by Number Answered
Your Score History
You have not taken this quiz